Statistics for Countries Most Similar To Slovenia

Click here to take the quiz!

General Stats

  • This quiz has been taken 46 times
  • The average score is 16 of 20

Answer Stats

RankCountryScore% Correct
5Austria79.9
97%
1Croatia83.4
97%
12Germany77.4
97%
9Hungary78
97%
8Italy78.3
93%
18Bosnia and Herzegovina74.8
90%
3Czechia81.5
90%
11Serbia77.5
90%
2Slovakia82.5
90%
4Poland79.9
86%
6France79
83%
20Portugal74.3
83%
13Spain75.9
79%
7Bulgaria78.4
76%
19Romania74.8
76%
17Montenegro74.9
72%
16Latvia75.3
62%
14Lithuania75.6
62%
10Belgium77.7
55%
15Luxembourg75.5
52%

Score Distribution

Percentile by Number Answered

Percent of People with Each Score

Your Score History

You have not taken this quiz